000 00434nam a2200169Ia 4500
005 20250508150454.0
008 008 250505s9999 xx 000 0 eng d
037 _aTextual
040 _aFEDL
_beng
_cFEDL
041 _aeng
_2eng
084 _a821, OXF
_qFEDL
245 0 _aOxford book of English verse 1250-1918
260 _c1948
300 _axxxii,1164p
942 _cTEXL
_h821, OXF
999 _c1323809
_d1323809